Kryptoanalýza algoritmu GOST : Dizertačná práca : Ved.odb. 25-11-9 : Dát. obhaj. 10.03.1999
Gespeichert in:
| 1. Verfasser: | |
|---|---|
| Weitere Verfasser: | |
| Format: | Manuskript Buch |
| Sprache: | Slowakisch |
| Veröffentlicht: |
Bratislava :
STU v Bratislave FEI,
1998
|
| Schlagworte: | |
| Tags: |
Keine Tags, Fügen Sie das erste Tag hinzu!
|
MARC
| LEADER | 00000ntm a22000003a 4500 | ||
|---|---|---|---|
| 001 | stu50337 | ||
| 005 | 20160719164903.8 | ||
| 008 | 990719s1998------------------------slo-d | ||
| 040 | |a STU |b slo | ||
| 041 | 0 | |a slo | |
| 080 | |a 681.325.05 | ||
| 080 | |a 519.72 | ||
| 084 | |a C6130S |2 INS | ||
| 084 | |a D1060 |2 INS | ||
| 084 | |a B6120D |2 INS | ||
| 084 | |a C1260C |2 INS | ||
| 100 | 1 | |a Zanechal, Marcel |4 aut | |
| 245 | 1 | |a Kryptoanalýza algoritmu GOST : |b Dizertačná práca : Ved.odb. 25-11-9 : Dát. obhaj. 10.03.1999 | |
| 260 | |a Bratislava : |b STU v Bratislave FEI, |c 1998 | ||
| 300 | |a 87 s., Autoref. 1998. 17 s | ||
| 650 | 7 | |a DES |2 stusub | |
| 650 | 7 | |a šifrovanie |2 stusub | |
| 650 | 7 | |a kľučovacie systémy |2 stusub | |
| 650 | 7 | |a šifrovacie algoritmy |2 stusub | |
| 700 | 1 | |a Grošek, Otokar, |d 1950- |4 ths |u E200 |U FEI Fakulta elektrotechniky a informatiky |T FEI Katedra aplikovanej informatiky a výpočtovej techniky |X 1973 |U E200 |Y 67 |7 A000001973 | |
| 996 | |b 284ED00007 |c E*PGŠ-777 |l EE01 |s A |a 24 |w stu50337_0001 | ||